000 00316 a2200121 4500
000 nam a22 7a 4500
005 20260203173733.0
020 _a9781041282051
100 _aKumar, Akshaya; Thakur, Raj
_91113480
245 _aPopular Culture in South Asian Context
260 _bRoutledge
_c2026
942 _cTEXL
999 _c1678606
_d1678606